Business objectives: Workbook
v..v
Đã lưu trong:
| Tác giả chính: | |
|---|---|
| Định dạng: | Sách |
| Năm xuất bản: |
Anh
Oxford University
2006
|
| Chủ đề: | |
| Tags: |
Thêm thẻ
Không có thẻ, Hãy là người đầu tiên gắn thẻ bản ghi này!
|
| LEADER | 00905nam a2200205 4500 | ||
|---|---|---|---|
| 999 | |c 4618 |d 4618 | ||
| 082 | |a 428.0076 |b H400L | ||
| 100 | |a Hollet,Vicki | ||
| 245 | |a Business objectives: |b Workbook |c Vicki Hollett,Michael Duckworth | ||
| 260 | |a Anh |b Oxford University |c 2006 | ||
| 300 | |a 80 tr. |c 28 cm | ||
| 520 | |a v..v | ||
| 653 | |a Ngôn ngữ | ||
| 653 | |a Tiếng Anh | ||
| 653 | |a Thương mại | ||
| 653 | |a Bài tập | ||
| 942 | |2 ddc |c STK0 | ||
| 952 | |0 0 |1 0 |2 ddc |4 0 |6 428_007600000000000_H400L |7 0 |8 400 |9 44279 |a qbu |b qbu |c D4 |d 2014-12-20 |g 139000 |o 428.0076 H400L |p 2695.c1 |r 0000-00-00 |w 2014-12-20 |y SH | ||
| 952 | |0 0 |1 0 |2 ddc |4 0 |6 428_007600000000000_H400L |7 0 |8 400 |9 92066 |a qbu |b qbu |c D4 |d 2015-08-26 |g 139000 |o 428.0076 H400L |p 2695.c2 |r 0000-00-00 |w 2015-08-26 |y SH | ||
| 952 | |0 0 |1 0 |2 ddc |4 0 |6 428_007600000000000_H400L |7 0 |8 400 |9 108574 |a qbu |b qbu |c D4 |d 2016-11-07 |g 139000 |o 428.0076 H400L |p 2695.c3 |r 0000-00-00 |w 2016-11-07 |y SH | ||